EVERY NCAAM DII Logo - Statistics

General Stats
  • This quiz has been taken 58 times
    29 since last reset
  • The average score is 43 of 299
Answer Stats
Picture Hint Answer % Correct
GMAC Findlay
60%
Great American Arkansas Tech
53%
GLIAC Ferris St.
53%
GLIAC Grand Valley St.
47%
GLIAC Michigan Tech
47%
GLIAC Northern Michigan
47%
GLIAC Wayne St.
47%
Lone Star Angelo St.
40%
Lone Star Dallas Baptist
40%
MIAA Pittsburg St.
40%
Gulf South Valdosta St.
40%
GNAC Alaska-Fairbanks
33%
GMAC Ashland
33%
CACC Bridgeport
33%
GLVC Illinois-Springfield
33%
GLVC Indianapolis
33%
GLIAC Lake Superior St.
33%
GLIAC Saginaw Valley St.
33%
CCAA San Francisco St.
33%
NSIC St. Cloud St.
33%
Lone Star Texas-Permian Basin
33%
GMAC Walsh
33%
RMAC Adams St.
27%
GNAC Alaska-Anchorage
27%
NSIC Augustana
27%
NSIC Bemidji St.
27%
GMAC Cedarville
27%
GNAC Central Washington
27%
CCAA CSU Chico
27%
CCAA CSU Dominguez Hills
27%
CCAA CSU East Bay
27%
CCAA CSU Humbolt
27%
CIAA Elizabeth City St.
27%
Great American Harding
27%
Great American Henderson St.
27%
GMAC Lake Erie
27%
Lone Star Midwestern St.
27%
NSIC Minnesota-Duluth
27%
Gulf South Mississippi
27%
MIAA Northwest Missouri St.
27%
GMAC Ohio Dominican
27%
GLIAC Roosevelt
27%
GNAC Simon Fraser
27%
CACC Thomas Jefferson
27%
GMAC Tiffin
27%
GLVC Upper Iowa
27%
Gulf South West Florida
27%
GLVC William Jewel
27%
SIAC Albany St.
20%
Great American Arkansas-Monticello
20%
Conference Carolinas Barton
20%
RMAC Black Hills St.
20%
CIAA Bluefield St.
20%
CIAA Bowie St.
20%
CACC Caldwell
20%
MIAA Central Missouri
20%
CACC Chestnut Hill
20%
RMAC Colorado Mesa
20%
RMAC Colorado School of Mines
20%
NSIC Concordia-St. Paul
20%
CCAA CSU Los Angeles
20%
CCAA CSU Monterery Bay
20%
CCAA CSU Pomona
20%
CCAA CSU San Marcos
20%
CCAA CSU Stanislaus
20%
Gulf South Delta St.
20%
East Coast District of Columbia
20%
East Coast D'Youville
20%
MIAA Emporia St.
20%
Conference Carolinas Ferrum
20%
MIAA Fort Hays St.
20%
RMAC Fort Lewis
20%
PSAC Gannon
20%
PacWest Hawai'i Pacific
20%
GMAC Hillsdale
20%
NSIC Jamestown
20%
CIAA Johnson C. Smith
20%
GMAC Kentucky Wesleyan
20%
South Atlantic Lenoir-Rhyne
20%
CIAA Lincoln (PA)
20%
Lone Star Lubbock Christian
20%
GMAC Malone
20%
GLVC McKendree
20%
NSIC Minot St.
20%
GLVC Missouri S&T
20%
East Coast Molloy
20%
Conference Carolinas Mount Olive
20%
MIAA Nebraska-Kearney
20%
MIAA Northeastern St.
20%
Great American Northwest Oklahoma St.
20%
GMAC Northwood
20%
Sunshine State Nova Southeastern
20%
Great American Oklahoma Baptist
20%
GLVC Quincy
20%
CCAA San Bernardino
20%
NSIC Sioux Falls
20%
GMAC Thomas More
20%
GLVC Truman St.
20%
CCAA UC Merced
20%
Conference Carolinas UNC Pembroke
20%
CIAA Virginia St.
20%
CIAA Virginia Union
20%
RMAC Western Colorado
20%
CIAA Winston Salem St.
20%
Northeast-10 American International
13%
South Atlantic Anderson
13%
Northeast-10 Assumption
13%
Conference Carolinas Belmont Abbey
13%
SIAC Benedict
13%
Northeast-10 Bentley
13%
PacWest Biola
13%
South Atlantic Carson-Newman
13%
RMAC Chadron St.
13%
Mountain East Charleston
13%
Conference Carolinas Chowan
13%
CIAA Claflin
13%
SIAC Clark Atlanta
13%
RMAC Colorado Christian
13%
RMAC Colorado St.-Pueblo
13%
Conference Carolinas Converse
13%
East Coast Daemen
13%
GLIAC Davenport
13%
GLVC Drury
13%
Great American East Central
13%
Lone Star Eastern New Mexico
13%
PSAC East Stroudsburg
13%
Conference Carolinas Emmanuel
13%
Conference Carolinas Erskine
13%
Mountain East Fairmont St.
13%
CIAA Fayetteville St.
13%
CACC Felician
13%
SIAC Fort Valley St.
13%
Conference Carolinas Francis Marion
13%
Mountain East Frostburg St.
13%
CACC Georgian Court
13%
CACC Holy Family
13%
PSAC Indiana
13%
SIAC Kentucky St.
13%
Conference Carolinas King
13%
PSAC Kutztown
13%
Conference Carolinas Lees-Mcrae
13%
GLVC Lewis
13%
South Atlantic Lincoln Memorial
13%
CIAA Livingstone
13%
South Atlantic Mars Hill
13%
NSIC Mary
13%
East Coast Mercy
13%
SIAC Miles
13%
PSAC Millersville
13%
NSIC Minnesota-Crookston
13%
NSIC Minnesota St.-Mankato
13%
NSIC Minnesota St.-Moorhead
13%
GLVC Missouri-St. Louis
13%
RMAC New Mexico Highlands
13%
NSIC Northern St.
13%
Peach Belt North Georgia
13%
Conference Carolinas North Greenville
13%
Great American Ouachita Baptist
13%
Northeast-10 Pace
13%
PacWest Point Loma Nazarene
13%
CACC Post
13%
Independents Puerto Rico-Bayamón
13%
East Coast Queens (NY)
13%
Sunshine State Rollins
13%
SIAC Savannah St.
13%
PSAC Seton Hill
13%
CIAA Shaw
13%
Conference Carolinas Shorter
13%
PSAC Slippery Rock
13%
Great American Southeastern Oklahoma St.
13%
Great American Southern Arkansas
13%
Northeast-10 Southern Connecticut St.
13%
Great American Southern Nazarene
13%
Conference Carolinas Southern Wesleyan
13%
Great American Southwestern Oklahoma St.
13%
NSIC Southwest Minnesota St.
13%
East Coast Staten Island
13%
CIAA St. Augustine
13%
Lone Star Sul Ross St.
13%
Sunshine State Tampa
13%
Lone Star Texas A&M-Kingsville
13%
Lone Star Texas-Dallas
13%
South Atlantic Tusculum
13%
SIAC Tuskegee
13%
MIAA Washburn
13%
Gulf South West Alabama
13%
PSAC West Chester
13%
Lone Star Western New Mexico
13%
GNAC Western Oregon
13%
GNAC Western Washington
13%
RMAC Westminster
13%
Mountain East West Virginia Wesleyan
13%
CACC Wilmington
13%
Gulf South Alabama-Huntsville
7%
SIAC Allen
7%
Gulf South Auburn-Montgomery
7%
Sunshine State Barry
7%
PSAC Bloomsburg
7%
Lone Star Cameron
7%
South Atlantic Catawba
7%
MIAA Central Oklahoma
7%
SIAC Central St.
7%
PacWest Chaminade
7%
Gulf South Christian Brothers
7%
South Atlantic Coker
7%
Mountain East Concord
7%
PacWest Concordia-Irvine
7%
PacWest Dominican (CA)
7%
CACC Dominican University (NY)
7%
Sunshine State Eckerd
7%
SIAC Edward Waters
7%
Sunshine State Florida Southern
7%
Northeast-10 Franklin Pierce
7%
PacWest Fresno Pacific
7%
Peach Belt Georgia College & St.
7%
Peach Belt Georgia Southwestern St.
7%
Mountain East Glenville St.
7%
CACC Goldey-Beacom
7%
Peach Belt Lander
7%
Gulf South Lee
7%
GLVC Lincoln (MO)
7%
PSAC Lock Haven
7%
GLVC Maryville
7%
PacWest Menlo
7%
Peach Belt Middle Georgia St.
7%
MIAA Missouri Southern St.
7%
MIAA Missouri Western St.
7%
Gulf South Montevallo
7%
SIAC Morehouse
7%
GNAC MSU Billings
7%
RMAC MSU Denver
7%
South Atlantic Newberry
7%
MIAA Newman
7%
GNAC Northwest Nazarene
7%
PSAC PennWest-California
7%
PSAC PennWest-Clarion
7%
PSAC PennWest-Edinboro
7%
PSAC Pittsburgh-Johnstown
7%
Independents Puerto Rico-Mayagüez
7%
GLIAC Purdue Northwest
7%
East Coast Roberts Wesleyan
7%
GLVC Rockhurst
7%
PSAC Shippensburg
7%
RMAC South Dakota School of Mines & Tech
7%
Northeast-10 Southern New Hampshire
7%
GLVC Southwest Baptist
7%
Sunshine State St. Leo
7%
Lone Star St. Mary's
7%
East Coast St. Thomas Aquinas
7%
Lone Star Texas-Tyler
7%
Gulf South Union
7%
Peach Belt USC Aiken
7%
Peach Belt USC Beaufort
7%
South Atlantic Virginia-Wise
7%
NSIC Wayne St.
7%
Mountain East West Liberty
7%
Mountain East West Virginia St.
7%
Mountain East Wheeling
7%
South Atlantic Wingate
7%
NSIC Winona St.
7%
GLIAC Wisconsin-Parkside
7%
Conference Carolinas Young Harris
7%
Northeast-10 Adelphi
0%
MIAA Arkansas-Fort Smith
0%
Peach Belt Augusta
0%
PacWest Azusa Pacific
0%
Peach Belt Clayton St.
0%
RMAC Colorado-Colorado Springs
0%
Peach Belt Columbus St.
0%
Mountain East Davis & Elkins
0%
Sunshine State Embry-Riddle Aeronautical
0%
South Atlantic Emory & Henry
0%
Peach Belt Flagler
0%
Sunshine State Florida Tech
0%
PacWest Hawai'i-Hilo
0%
PacWest Jessup
0%
SIAC Lane
0%
SIAC LeMoyne-Owen
0%
Sunshine State Lynn
0%
PSAC Mansfield
0%
Lone Star Oklahoma Christian
0%
Sunshine State Palm Beach Atlantic
0%
Mountain East Point Park
0%
Independents Puerto Rico-Río Piedras
0%
RMAC Regis
0%
MIAA Rogers St.
0%
Independents Salem
0%
GNAC Seattle Pacific
0%
PSAC Shepherd
0%
SIAC Spring Hill
0%
Northeast-10 St. Anselm
0%
Lone Star St. Edward's
0%
GNAC St. Martin's
0%
Northeast-10 St. Michael's
0%
Lone Star Texas A&M International
0%
Gulf South Trevecca Nazarene
0%
PacWest Vanguard
0%
PacWest Westmont
0%
Lone Star West Texas A&M
0%
No matching quizzes found
Score Distribution
Percent of People with Each Score
Percentile by Number Answered
Your Score History
You have not taken this quiz since the last reset